Espejo: un país en su literatura de treinta años
Salvato in:
| Autori principali: | , |
|---|---|
| Natura: | Libro |
| Lingua: | spagnolo |
| Pubblicazione: |
Budapest
Corvina
1965
|
| Soggetti: | |
| Tags: |
Aggiungi Tag
Nessun Tag, puoi essere il primo ad aggiungerne!!
|
MARC
| LEADER | 00000nam a2200000 a 4500 | ||
|---|---|---|---|
| 001 | UCK4414 | ||
| 003 | CL-VaPUC | ||
| 008 | 050603e19650000HU |||||||||||||||||spa|d | ||
| 082 | 0 | 4 | |a 894.511 |b SZA |2 21 |
| 100 | 0 | |a Szabolcsi, Miklós |e author |9 492942 | |
| 700 | 0 | |a Kenyeres, Zoltán |e author |9 492943 | |
| 245 | 1 | 0 | |a Espejo: un país en su literatura de treinta años |
| 300 | |a 345 p | ||
| 942 | |c BK | ||
| 945 | |d 20050603 00:00:00 |a jcarroza | ||
| 260 | |a Budapest |b Corvina |c 1965 | ||
| 650 | 7 | |a LITERATURA HUNGARA SIGLO 20 |2 CL-VaPUC |9 492944 | |
| 650 | 7 | |a ENSAYOS HUNGAROS |2 CL-VaPUC |9 420855 | |
| 583 | |a last modification |c 20160912 05:18:35 |k Rodrigo Vera | ||
| 999 | |c 313292 |d 313290 | ||
| 952 | |0 0 |1 0 |4 0 |6 894_511000000000000_SZA_1965 |7 0 |8 A |9 384548 |a BIBEDU |b BIBEDU |d 2019-11-22 |i 410448K |o 894.511 SZA 1965 |p 410448K |r 2019-11-22 |w 2019-11-22 |y BK |k LIT | ||